KEYING into the future : The impact of computerization on office workers
| Other Authors: | , |
|---|---|
| Format: | Book |
| Published: |
Kuala Lumpur :
Women's Development Collective ,
1994
|
| Subjects: |
MARC
| LEADER | 00000cam a2200000 7i4500 | ||
|---|---|---|---|
| 001 | 0000000290 | ||
| 005 | 20000727.0 | ||
| 090 | 0 | 0 | |a 303.4833 |b KEY 1994 |
| 245 | 0 | 0 | |a KEYING into the future : |b The impact of computerization on office workers |c edited by Cecilia Ng & Anne Munro-Kua |
| 260 | 0 | 0 | |a Kuala Lumpur : |b Women's Development Collective , |c 1994 |
| 300 | |a viii, 197 p. ; |c 23 cm. | ||
| 650 | 0 | 0 | |a Computers |
| 650 | 0 | 0 | |a Information technology |
| 700 | 0 | 1 | |a Munro-Kua |h Anne |
| 700 | 0 | 1 | |a Ng |h Cecilia |
| 999 | |a 0000001382 |b Monograph |c Open Shelf |e Default branch | ||